Capitals of the Balkans - Statistics

General Stats
  • This quiz has been taken 39 times
  • The average score is 10 of 13
Answer Stats
Hint Answer % Correct
Albania Tirana
95%
Greece Athens
89%
Bulgaria Sofia
89%
Turkey Ankara
84%
Romania Bucharest
84%
Croatia Zagreb
84%
Serbia Belgrade
79%
North Macedonia Skopje
74%
Bosnia and Herzegovina Sarajevo
68%
Montenegro Podgorica
63%
Moldova Chișinău
58%
Slovenia Ljubljana
58%
Kosovo Pristina
58%
No matching quizzes found
Score Distribution
Percent of People with Each Score
Percentile by Number Answered
Your Score History
You have not taken this quiz